<?xml version="1.0" encoding="UTF-8"?><?xml-stylesheet type="text/xsl" href="static/style.xsl"?><OAI-PMH xmlns="http://www.openarchives.org/OAI/2.0/" xmlns:xsi="http://www.w3.org/2001/XMLSchema-instance" xsi:schemaLocation="http://www.openarchives.org/OAI/2.0/ http://www.openarchives.org/OAI/2.0/OAI-PMH.xsd"><responseDate>2026-04-13T01:45:59Z</responseDate><request verb="GetRecord" identifier="oai:www.recercat.cat:2117/22969" metadataPrefix="marc">https://recercat.cat/oai/request</request><GetRecord><record><header><identifier>oai:recercat.cat:2117/22969</identifier><datestamp>2025-07-17T13:52:18Z</datestamp><setSpec>com_2072_1033</setSpec><setSpec>col_2072_452950</setSpec></header><metadata><record xmlns="http://www.loc.gov/MARC21/slim" xmlns:dcterms="http://purl.org/dc/terms/" xmlns:xsi="http://www.w3.org/2001/XMLSchema-instance" xmlns:doc="http://www.lyncode.com/xoai" xsi:schemaLocation="http://www.loc.gov/MARC21/slim http://www.loc.gov/standards/marcxml/schema/MARC21slim.xsd">
   <leader>00925njm 22002777a 4500</leader>
   <datafield ind2=" " ind1=" " tag="042">
      <subfield code="a">dc</subfield>
   </datafield>
   <datafield ind2=" " ind1=" " tag="720">
      <subfield code="a">Nogueiras Rodríguez, Albino</subfield>
      <subfield code="e">author</subfield>
   </datafield>
   <datafield ind2=" " ind1=" " tag="720">
      <subfield code="a">Moreno Bilbao, M. Asunción</subfield>
      <subfield code="e">author</subfield>
   </datafield>
   <datafield ind2=" " ind1=" " tag="260">
      <subfield code="c">1998</subfield>
   </datafield>
   <datafield ind2=" " ind1=" " tag="520">
      <subfield code="a">This paper describes NaniBD, a set of tools designed for&#xd;
transcribing and validating speech databases, developed at the&#xd;
Signal Processing Group (GPS) of the Department of Signal&#xd;
Theory and Communications of the Polytechnic University of&#xd;
Catalonia (TSC/UPC). The main purpose of its development&#xd;
was the need of a revision system in order to validate and&#xd;
annotate the Spanish corpus of SpeechDat (II) in the speech&#xd;
processing environment available at GPS. Despite of this,&#xd;
NaniBD is designed as a general-purpose system that might fit&#xd;
any other database, idiom or speech processing system. So far,&#xd;
the system has been used to revise some 200,000 speech files&#xd;
from three different corpora. In this paper we will focus our&#xd;
attention to the actual implementation used in the transcription&#xd;
of a SpeechDat (II) specifications compatible Catalonian corpus.&#xd;
1000 speakers, each of them uttering 44 files, compose this&#xd;
corpus. In this application, we use speech-noise detection,&#xd;
automatic recognition of spontaneous prompts, digit and letter&#xd;
to text translation and access to an external database in order to&#xd;
minimise the amount of time spent by human operators in the&#xd;
revision procedure.</subfield>
   </datafield>
   <datafield ind2=" " ind1=" " tag="520">
      <subfield code="a">Peer Reviewed</subfield>
   </datafield>
   <datafield ind2=" " ind1=" " tag="520">
      <subfield code="a">Postprint (published version)</subfield>
   </datafield>
   <datafield tag="653" ind2=" " ind1=" ">
      <subfield code="a">Àrees temàtiques de la UPC::Enginyeria de la telecomunicació::Radiocomunicació i exploració electromagnètica::Teledetecció</subfield>
   </datafield>
   <datafield tag="653" ind2=" " ind1=" ">
      <subfield code="a">Àrees temàtiques de la UPC::Enginyeria de la telecomunicació::Processament del senyal::Processament de la parla i del senyal acústic</subfield>
   </datafield>
   <datafield tag="653" ind2=" " ind1=" ">
      <subfield code="a">Remote sensing</subfield>
   </datafield>
   <datafield tag="653" ind2=" " ind1=" ">
      <subfield code="a">Automatic speech recognition</subfield>
   </datafield>
   <datafield tag="653" ind2=" " ind1=" ">
      <subfield code="a">Teledetecció</subfield>
   </datafield>
   <datafield tag="653" ind2=" " ind1=" ">
      <subfield code="a">Reconeixement automàtic de la parla</subfield>
   </datafield>
   <datafield ind2="0" ind1="0" tag="245">
      <subfield code="a">NaniBD: a set of tools for transcribing and validating speech databases</subfield>
   </datafield>
</record></metadata></record></GetRecord></OAI-PMH>